Postup v daňovom exekučnom konaní

Priebeh daňového exekučného konania podľa daňového poriadku.

Na minha lista:
Detalhes bibliográficos
Autor principal: Hrtánek, Ladislav
Formato: Capítulo de Livro
Idioma:eslovaco
Assuntos:
Tags: Adicionar Tag
Sem tags, seja o primeiro a adicionar uma tag!

MARC

LEADER 00000naa a2200000 4500
001 0199025
005 20231120130453.2
041 0 |a slo 
044 |a SK 
245 1 0 |a Postup v daňovom exekučnom konaní  |c Ladislav Hrtánek 
520 |a Priebeh daňového exekučného konania podľa daňového poriadku. 
610 2 0 |a konanie exekučné daňové 
610 2 0 |a poriadok daňový 
610 2 0 |a poriadok exekučný 
610 2 0 |a sankcie 
100 1 |a Hrtánek, Ladislav